000 00613nam a2200229Ia 4500
003 OSt
005 20221006164831.0
006 a|||||r|||| 00| 0
007 ta
008 221006b |||||||| |||| 00| 0 hin d
024 _a3,735
037 _cTextual
040 _aFML
_cFML
_bhin
041 _2hin
_ahin
082 _aO15, 2xE, 152N6
100 _aUpreti Thanesh Chandra Tr.
245 0 _aNatya Darpan
260 _aNew Delhi
_bParimal Publications
_c1986
300 _a291
_ccm.
942 _hO15, 2xE, 152N6
_cTEXL
_2CC
999 _c1118647
_d1118647